Rǧimen Simple de Tributacin̤ RST

Bibliographic Details
Main Author: Anzola A., Cšar E.
Format: eBook
Language:Spanish
Published: Bogot:̀ Grupo Editorial Nueva Legislacin̤, 2020
Subjects:
Online Access:Acceso restringido

MARC

LEADER 00000nam a22000007a 4500
005 20201118213452.0
007 cr|||| ||||
008 201118s2020 co |||||s|||| 00||0 spa d
020 |a 9789585202481 
035 |a 32218 
040 |a vLex 
090 |c 10892  |d 10892 
100 1 |a Anzola A., Cšar E. 
245 1 0 |a Rǧimen Simple de Tributacin̤ RST  |h [Recurso electrn̤ico] /  |c Cšar E. Anzola A. 
256 |a Servicio en ln̕ea 
260 |a Bogot:̀  |b Grupo Editorial Nueva Legislacin̤,  |c 2020 
300 |a 1 recurso electrn̤ico 
506 1 |a Disponible solo en los productos indicados  |d vLex Global  |d vLex Global (Academic Edition, excluding Law Schools)  |d vLex Global (U.S. Academic Edition, Law Schools)  |d vLex Global (U.S. Academic Edition, excluding Law Schools)  |d vLex Global (Academic Edition, Law Schools) 
650 0 4 |a Derecho Fiscal  |z Colombia 
740 0 |a vLex Libros (Servicio en ln̕ea) 
856 4 0 |u http://vlex.com/source/regimen-simple-tributacion-32218  |z Acceso restringido 
942 |c BOOK 
999 0 |a Tax Law